zpět

Detail výsledku týmu

MaxWilliam, Znojmo

Datum a čas kvízu

39.5 Celkem bodů Celkový počet nahraných bodů na tomto kvízu bez doplňovacích otázek.
1. Pořadí na kvízu Konečné umístění týmu na tomto kvízu.

Zaznamenané odpovědi

# Otázka Odpověď Body Výsledky
1. Největší český online prodejce... Rohlik(.cz), Rabbit (CZ) 1
2. Jistý stát zažil minulý týden... Čína 0
3. V úterý jsme se dozvěděli, že... Blade Runner 0
4. V sobotu nastal tzv. mikroúpln... sněžný 0
5. 34letý trojnásobný mistr světa... Peter Sagan 1
6. Součástí televizního programu... Hodina pravdy 1
7. Která veřejně známá osobnost z... Ladislav Zibura 1
8. Mezi lety 1996 až 2006 vysílal... Videostop 1
9. V dnešní době je velmi populár... 1C 2A 3B 4D 1
10. Kdo z uvedených nikdy nemodero... D 1